Humanistic leadership in different cultures : defining the field by pushing boundaries /

Bibliographic Details
Other Authors: Fu, Pingping, (Editor)
Format: eBook
Language:English
Published: Bradford, West Yorkshire : Emerald Publishing Limited, 2020.
Series:Cross Cultural and Strategic Management Series
Subjects:
Online Access:Click to View
LEADER 01402nam a2200349 i 4500
001 EBC6478185
003 MiAaPQ
005 20210628091712.0
006 m o d |
007 cr cnu||||||||
008 210628s2020 enk o 000 0 eng d
020 |z 9781800718760  |q (electronic bk.) 
035 |a (MiAaPQ)EBC6478185 
035 |a (Au-PeEL)EBL6478185 
035 |a (OCoLC)1237869891 
040 |a MiAaPQ  |b eng  |e rda  |e pn  |c MiAaPQ  |d MiAaPQ 
050 4 |a HD57.7  |b .H863 2020 
082 0 |a 658.4092  |2 23 
245 0 0 |a Humanistic leadership in different cultures :  |b defining the field by pushing boundaries /  |c guest editor, Pingping Fu [and three others]. 
264 1 |a Bradford, West Yorkshire :  |b Emerald Publishing Limited,  |c 2020. 
300 |a 1 online resource (158 pages). 
336 |a text  |b txt  |2 rdacontent 
337 |a computer  |b c  |2 rdamedia 
338 |a online resource  |b cr  |2 rdacarrier 
490 0 |a Cross Cultural and Strategic Management Series 
588 |a Description based on print version record. 
590 |a Electronic reproduction. Ann Arbor, MI : ProQuest, 2018. Available via World Wide Web. Access may be limited to ProQuest affiliated libraries. 
650 0 |a Leadership. 
655 4 |a Electronic books. 
700 1 |a Fu, Pingping,  |e editor. 
797 2 |a ProQuest (Firm) 
856 4 0 |u https://ebookcentral.proquest.com/lib/matrademy/detail.action?docID=6478185  |z Click to View